|
|
|
แสดงรายละเอียดบรรณานุกรม |
|
|
Brief Record
: Get Marc (ISO 2709)
: E-mail record
: |
|
|
| LEADER 00000nam 2200000uu 4500 | |||
| 001 50015 | |||
| 003 ULIBM | |||
| 008 170324s||||||||th 000 0 tha d | |||
| 082 0 ^a อ 294.3437 ^b ว-ป | |||
| 110 0 ^a วิเชียร อากาศฤทธ์ | |||
| 245 00 ^a ประวัติ สมณศักดิ์และพัดยศ /^c วิเชียร อากาศฤทธ์ และ สุนทร สุภูตะโยชิน | |||
| 250 ^aพิมพ์ครั้งที่ 1 | |||
| 260 ^a กรุงเทพฯ : ^b โรงพิมพ์ศรีอนันต์ ,^c 2528 | |||
| 300 ^a 312 หน้า : ภาพประกอบ | |||
| 650 0 ^a สมณศักดิ์ | |||
| 650 0 ^a สงฆ์ | |||
| 700 0 ^a สุนทร สุภูตะโยธิน | |||
| 999 ^aRungradtana Banrungjit | |||
| คุณยังไม่ได้ล็อกอิน คุณสามารถมีกิจกรรมร่วมกับเว็บไซต์ได้ แต่ต้องล็อกอินก่อน :: |
|
| สถานะ | |||||||||
| 1. | หนังสือ สถานะ=ใช้ในห้องสมุดเท่านั้น | อ 294.3437 ว-ป c.1 Barcode: 035718 | ►หนังสืออ้างอิง | On Shelf | |||||
| [แสดง 1/1 รายการ] | |||||||||

| รายการใกล้เคียง หัวเรื่อง [สมณศักดิ์] หัวเรื่อง [สงฆ์]
|
BibComment |
| คอมเมนท์ทรัพยากรรายการนี้ |
|
|
ห้องสมุดโรงเรียนสามัคคีวิทยาคม
159 ถ.บรรพปราการ ต.เวียง อ.เมือง จ.เชียงราย 57000
โทร. 053-711018 โทรสาร 053-713003